El primer año de vida del niño (Registro nro. 1405)
[ vista simple ]
| 000 -CABECERA | |
|---|---|
| campo de control de longitud fija | 01650nam a2200265Ia 4500 |
| 003 - IDENTIFICADOR DEL NÚMERO DE CONTROL | |
| campo de control | AR-RoIUNI |
| 005 - FECHA Y HORA DE LA ÚLTIMA TRANSACCIÓN | |
| campo de control | 20210303130956.0 |
| 007 - CAMPO FIJO DE DESCRIPCIÓN FÍSICA--INFORMACIÓN GENERAL | |
| campo de control de longitud fija | ta |
| 008 - DATOS DE LONGITUD FIJA--INFORMACIÓN GENERAL | |
| campo de control de longitud fija | 150616s2009 ag r 000 0 spa d |
| 020 ## - NÚMERO INTERNACIONAL ESTÁNDAR DEL LIBRO | |
| Número Internacional Estándar del Libro | 9789505570065 |
| 040 ## - FUENTE DE LA CATALOGACIÓN | |
| Centro/agencia transcriptor | AR-RoIUNI |
| 080 ## - NÚMERO DE LA CLASIFICACIÓN DECIMAL UNIVERSAL | |
| Número de la Clasificación Decimal Universal | 159.922.7 |
| 100 1# - ENTRADA PRINCIPAL--NOMBRE DE PERSONA | |
| Nombre de persona | Spitz, René A. |
| Fechas asociadas al nombre | 1887-1974. |
| Forma completa/desarrollada del nombre | (René Arpad), |
| 245 10 - MENCIÓN DE TÍTULO | |
| Título | El primer año de vida del niño |
| Mención de responsabilidad, etc. | Rene A. Spitz ; en colaboración con W. Godfrey Cobliner. |
| 250 ## - MENCIÓN DE EDICIÓN | |
| Mención de edición | 1a. ed., 14 reimpr.. |
| 260 ## - PUBLICACIÓN, DISTRIBUCIÓN, ETC. (PIE DE IMPRENTA) | |
| Lugar de publicación, distribución, etc. | Buenos Aires : |
| Nombre del editor, distribuidor, etc. | Fondo de Cultura Económica, |
| Fecha de publicación, distribución, etc. | 2009. |
| 300 ## - DESCRIPCIÓN FÍSICA | |
| Extensión | 294 p. : |
| Otras características físicas | il. ; |
| Dimensiones | 21 cm. |
| 490 0# - MENCIÓN DE SERIE | |
| Mención de serie | Biblioteca de psicología y psicoanálisis / dirigida por Ramón de la Fuente |
| 505 1# - NOTA DE CONTENIDO CON FORMATO | |
| Nota de contenido con formato | I. Introducción teórica -- II. El método -- III. La etapa sin objeto -- IV. La cuna de la percepción -- V. El precursor del objeto -- VI. La plasticidad de la psique infantil -- VII. El papel de las relaciones entre hijo y madre en el desarrollo del infante -- VIII. El establecimiento del objeto libidinal -- IX. El papel y la evolución de los impulsos instintuales -- X. desarrollo subsiguiente tras el establecimiento del segundo organizador -- XI. Los orígenes y comienzos de la comunicación humana: el tercer organizador de la psique -- XII. Relaciones de objeto desviada y perturbadas -- XIII. Perturbaciones psicotóxicas -- XIV. Enfermedades defectivas emocionales del infante -- XV. Los efectos de la pérdida del objeto: consideraciones psicológicas -- XVI. Conclusión. |
| 650 #4 - PUNTO DE ACCESO ADICIONAL DE MATERIA--TÉRMINO DE MATERIA | |
| Término de materia o nombre geográfico como elemento inicial | PSICOLOGÍA |
| 9 (RLIN) | 108 |
| 650 #4 - PUNTO DE ACCESO ADICIONAL DE MATERIA--TÉRMINO DE MATERIA | |
| Término de materia o nombre geográfico como elemento inicial | NIÑOS |
| Subdivisión general | PSICOLOGÍA |
| 650 #4 - PUNTO DE ACCESO ADICIONAL DE MATERIA--TÉRMINO DE MATERIA | |
| Término de materia o nombre geográfico como elemento inicial | PSICOLOGÍA EVOLUTIVA |
| 700 1# - PUNTO DE ACCESO ADICIONAL--NOMBRE DE PERSONA | |
| Nombre de persona | Cobliner, W. Godfrey. |
| 942 ## - ELEMENTOS DE PUNTO DE ACCESO ADICIONAL (KOHA) | |
| Tipo de ítem Koha | Libros |
| Fuente del sistema de clasificación o colocación | Clasificación Decimal Universal |
| Estado de retiro | Estado de pérdida | Fuente del sistema de clasificación o colocación | Estado dañado | Excepción de préstamo | Código de colección | Localización permanente | Ubicación/localización actual | Ubicación en estantería | Fecha de adquisición | Número de inventario | Total de préstamos | Signatura topográfica completa | Código de barras | Fecha visto por última vez | Fecha del último préstamo | Número de copia | Precio válido a partir de | Tipo de ítem Koha |
|---|---|---|---|---|---|---|---|---|---|---|---|---|---|---|---|---|---|---|
| Clasificación Decimal Universal | Psicología | BIBLIOTECA RIOBAMBA | BIBLIOTECA RIOBAMBA | BIBLIOTECA RIOBAMBA | 16/06/2015 | 1406 | 4 | 159.922.7 SPI | 1406 | 20/03/2026 | 26/06/2025 | 1 | 16/06/2015 | Libros |

